1800 1956 1638 1508 1601 1519 1151 1045 1328 1402 1762 1662 1721 1925 1538 1424 1855 1824 1743 1049 1032 1514 1603 1626 1239 1678 1043 1909 1986 1800 1162 1862 1602 1511 1016 1688 1127 1233 1762 1663 1888 1001 1679 1697 1744 1187 1719 1924 1734 1665 1995 1799 1555 1854 1891 1317 1856 1710 1229 1199 1903 1879 1435 1943 1237 1919 1961 1354 1750 1833 1724 1419 1469 1114 1537 1672 1700 1061 1353 1304 1611 1822 1941 1087 1384 1331 1070 1686 1880 1238 1112 1856 1460 1948 1920 1403 1475 1102 1401 BCNSPRNW ULIB Ver.6.0+V

เปลี่ยนเป็นภาษาไทย

Change to English
 แสดงรายละเอียดบรรณานุกรม
  กลับหน้าหลัก

Brief Record : Get Marc (ISO 2709) : E-mail record : QR code < ปิดหน้าต่าง
LEADER : 00000nam 2200000uu 4500
001    13399127493
003     ULIB
008    200617s2562||||th 000 0 tha d
020 ^- ^a9786168253076
050 ^- ^aนว^bพ222ฉ
100 0^ aพงศกร จินดาวัฒนะ.
245 10 ^aฉัตรกนก /^cพงศกร.
250 ^- ^aพิมพ์ครั้งที่ 1.
260 ^- ^aกรุงเทพฯ :^bกรู๊ฟ พับลิชชิ่ง,^c2562
300 ^- ^a427 หน้า.
490 1^ aคุณหญิงยอดนักสืบ
945    ^p360^l0^i28399
999    ^aกัณชพร จุลอักษร
รายการนี้ยังไม่มีแท็ก
คุณยังไม่ได้ล็อกอิน คุณสามารถมีกิจกรรมร่วมกับเว็บไซต์ได้ แต่ต้องล็อกอินก่อน ::
  ล็อกอิน

รายการสื่อสารสนเทศ

ลำดับที่ ประเภท เลขเรียก/บาร์โค้ด สถานที่ สถานะ
1. นวนิยาย
นวนิยาย
นว พ222ฉ ฉ.1 
  Barcode: 28399
ห้องสมุดวิทยาเขตนครสวรรค์
►หนังสือทั่วไป:l:General Books
บนชั้น

BibComment


ยังไม่เคยถูกคอมเมนท์

คอมเมนท์ทรัพยากรรายการนี้
  คอมเมนท์: ฉัตรกนก พงศกร


 Copyright 2026. Bcnsprnw @Library